000
00302nam a2200121Ia 4500
008
190216s9999||||xx |||||||||||||| ||und||
100
_a
Romesh Dutt
245
0
_a
Economic History Of India
260
_b
Publications Division Govt. Of India
_c
1989
300
_a
294 p
650
_a
Economics
942
_c
BK
999
_c
9240
_d
9240